<?xml version="1.0" encoding="UTF-8"?>
<record
    xmlns:xsi="http://www.w3.org/2001/XMLSchema-instance"
    xsi:schemaLocation="http://www.loc.gov/MARC21/slim http://www.loc.gov/standards/marcxml/schema/MARC21slim.xsd"
    xmlns="http://www.loc.gov/MARC21/slim">

  <leader>02596nam a2200397 a 4500</leader>
  <controlfield tag="001"> </controlfield>
  <controlfield tag="003">DO-SdBNP</controlfield>
  <controlfield tag="005">20230324093407.0</controlfield>
  <controlfield tag="008">090716s2008    dr a          001 0 spa d</controlfield>
  <datafield tag="020" ind1=" " ind2=" ">
    <subfield code="a">9789945020304</subfield>
  </datafield>
  <datafield tag="040" ind1=" " ind2=" ">
    <subfield code="a">DO-SdBNP</subfield>
    <subfield code="b">spa</subfield>
    <subfield code="c">BPMSU </subfield>
  </datafield>
  <datafield tag="082" ind1=" " ind2=" ">
    <subfield code="a">923.1097293</subfield>
    <subfield code="b">C343d 2008</subfield>
    <subfield code="2">22</subfield>
  </datafield>
  <datafield tag="100" ind1="1" ind2=" ">
    <subfield code="a">Cass&#xE1;, Roberto,  </subfield>
    <subfield code="d">1948-</subfield>
  </datafield>
  <datafield tag="245" ind1="1" ind2="0">
    <subfield code="a">Dictadores dominicanos del siglo XIX /</subfield>
    <subfield code="c">Roberto Cass&#xE1; ; editor Dantes Ort&#xED;z, Modesto E. Cuesta.</subfield>
  </datafield>
  <datafield tag="260" ind1=" " ind2=" ">
    <subfield code="a">Santo Domingo :</subfield>
    <subfield code="b">Archivo General de la Naci&#xF3;n :</subfield>
    <subfield code="b">Comisi&#xF3;n Permanente de Efem&#xE9;rides Patrias,</subfield>
    <subfield code="c">2008.</subfield>
  </datafield>
  <datafield tag="300" ind1=" " ind2=" ">
    <subfield code="a">97 p. :</subfield>
    <subfield code="b">il. ;</subfield>
    <subfield code="c">24 cm.</subfield>
  </datafield>
  <datafield tag="490" ind1="0" ind2=" ">
    <subfield code="a">Juvenil</subfield>
    <subfield code="v">4</subfield>
  </datafield>
  <datafield tag="500" ind1=" " ind2=" ">
    <subfield code="a">Incluye datos biogr&#xE1;ficos del autor en la solapa de la cubierta.</subfield>
  </datafield>
  <datafield tag="500" ind1=" " ind2=" ">
    <subfield code="a">Incluye referencias bibliogr&#xE1;ficas y notas al pie de las p&#xE1;ginas </subfield>
  </datafield>
  <datafield tag="505" ind1="1" ind2=" ">
    <subfield code="t">Pedro Santana, aut&#xF3;crata y anexionista :</subfield>
    <subfield code="t">Introducci&#xF3;n --</subfield>
    <subfield code="t">Aut&#xF3;crata y anexionista --</subfield>
    <subfield code="t">Inicios --</subfield>
    <subfield code="t">Preparaci&#xF3;n de la independencia --</subfield>
    <subfield code="t">Jefe del frente sur --</subfield>
    <subfield code="t">Conato de guerra civil con los trinitarios --</subfield>
    <subfield code="t">Primera presidencia --</subfield>
    <subfield code="t">Ruptura con B&#xE1;ez --</subfield>
    <subfield code="t">Tercera administraci&#xF3;n --</subfield>
    <subfield code="t">Preparativos para la anexi&#xF3;n a Espa&#xF1;a --</subfield>
    <subfield code="t">Capit&#xE1;n general --</subfield>
    <subfield code="t">La &#xFA;ltima batalla --</subfield>
    <subfield code="t">Bibliograf&#xED;a --</subfield>
    <subfield code="t">Buenaventura B&#xE1;ez, cinco veces presidente :</subfield>
    <subfield code="t">Introducci&#xF3;n --</subfield>
    <subfield code="t">Antecedentes familiares --</subfield>
    <subfield code="t">Los primeros pasos --</subfield>
    <subfield code="t">En la Constituyente haitiana de 1843 --</subfield>
    <subfield code="t">El plan Lavasseur --</subfield>
    <subfield code="t">Bajo la sombra de Santana --</subfield>
    <subfield code="t">Redactor de la Constituci&#xF3;n de 1844 --</subfield>
    <subfield code="t">Primera presidencia --</subfield>
    <subfield code="t">Nacimiento del baecismo --</subfield>
    <subfield code="t">Devaluaci&#xF3;n monetaria y guerra civil --</subfield>
    <subfield code="t">Mariscal de campo --</subfield>
    <subfield code="t">Retorno a la presidencia --</subfield>
    <subfield code="t">Guerra con los azules --</subfield>
    <subfield code="t">Los seis a&#xF1;os --</subfield>
    <subfield code="t">El declive --</subfield>
    <subfield code="g">Bibliograf&#xED;a --</subfield>
    <subfield code="t">Ulises Heureaux, el tirano perfecto :</subfield>
    <subfield code="t">La ambig&#xFC;edad del tirano --</subfield>
    <subfield code="t">La formaci&#xF3;n del intr&#xE9;pido mamb&#xED; --</subfield>
    <subfield code="t">Hijo de Luper&#xF3;n --</subfield>
    <subfield code="t">El ascenso fulgurante --</subfield>
    <subfield code="t">De presidente a tirano --</subfield>
    <subfield code="t">El ocaso --</subfield>
    <subfield code="t">El 26 de julio --</subfield>
    <subfield code="g">Bibliograf&#xED;a.</subfield>
  </datafield>
  <datafield tag="590" ind1=" " ind2=" ">
    <subfield code="6">Inventariado, 2022/VM</subfield>
  </datafield>
  <datafield tag="600" ind1="1" ind2="4">
    <subfield code="a">Santana, pedro,</subfield>
    <subfield code="d">1801-1864</subfield>
  </datafield>
  <datafield tag="600" ind1="1" ind2="4">
    <subfield code="a">Heureaux, ulises,</subfield>
    <subfield code="d">1845-1899</subfield>
  </datafield>
  <datafield tag="600" ind1="1" ind2="4">
    <subfield code="a">B&#xE1;ez, buenaventura,</subfield>
    <subfield code="d">1812-1884</subfield>
  </datafield>
  <datafield tag="650" ind1=" " ind2="4">
    <subfield code="d"> </subfield>
  </datafield>
  <datafield tag="650" ind1=" " ind2="4">
    <subfield code="a">Dictadores</subfield>
    <subfield code="z">Rep&#xFA;blica Dominicana</subfield>
  </datafield>
  <datafield tag="650" ind1=" " ind2="4">
    <subfield code="a">Presidentes</subfield>
    <subfield code="z">Rep&#xFA;blica Dominicana</subfield>
  </datafield>
  <datafield tag="651" ind1=" " ind2="4">
    <subfield code="a">Rep&#xFA;blica Dominicana</subfield>
    <subfield code="x">Historia,</subfield>
    <subfield code="y">1844-1930</subfield>
  </datafield>
  <datafield tag="651" ind1=" " ind2="4">
    <subfield code="a">Rep&#xFA;blica Dominicana</subfield>
    <subfield code="x">Pol&#xED;tica Y Gobierno</subfield>
    <subfield code="x">Historia</subfield>
  </datafield>
  <datafield tag="700" ind1="1" ind2=" ">
    <subfield code="a">Ort&#xED;z, Dantes,</subfield>
    <subfield code="e">ed.</subfield>
  </datafield>
  <datafield tag="700" ind1="1" ind2=" ">
    <subfield code="a">Cuesta, Modesto E.</subfield>
  </datafield>
  <datafield tag="710" ind1="2" ind2=" ">
    <subfield code="a">Archivo General de la Naci&#xF3;n (Rep&#xFA;blica Dominicana)</subfield>
  </datafield>
  <datafield tag="710" ind1="2" ind2=" ">
    <subfield code="a">Comisi&#xF3;n Permanente de Efem&#xE9;rides Patrias, (Rep&#xFA;blica Dominicana)</subfield>
  </datafield>
  <datafield tag="910" ind1=" " ind2=" ">
    <subfield code="a">VMateo </subfield>
  </datafield>
  <datafield tag="942" ind1=" " ind2=" ">
    <subfield code="2">ddc</subfield>
    <subfield code="c">MP</subfield>
  </datafield>
  <datafield tag="952" ind1=" " ind2=" ">
    <subfield code="0">0</subfield>
    <subfield code="1">0</subfield>
    <subfield code="2">ddc</subfield>
    <subfield code="4">0</subfield>
    <subfield code="7">0</subfield>
    <subfield code="8">CD</subfield>
    <subfield code="a">BPMET</subfield>
    <subfield code="b">BPMET</subfield>
    <subfield code="d">2022-01-19</subfield>
    <subfield code="e">Fundac&#xF3;n Juan Bosch </subfield>
    <subfield code="o">BPMSU CD 923.1097293 C343d 2008</subfield>
    <subfield code="p">BPMSU22010050</subfield>
    <subfield code="r">2022-01-19</subfield>
    <subfield code="w">2022-01-19</subfield>
    <subfield code="y">MP</subfield>
  </datafield>
  <datafield tag="999" ind1=" " ind2=" ">
    <subfield code="c">13966</subfield>
    <subfield code="d">13966</subfield>
  </datafield>
</record>
